• 首页
  • 本馆介绍
  • 公告通知
  • 最新文献
  • 馆藏检索
  • 电子资源
  • 读者导购
  • 参考咨询
  • 我的图书馆
  • 登录
  • 详细信息显示
  • 放入我的书架
  • 预约/预借图书
  • 作者相关作品
  • 分类相关作品
  • 丛书相关作品
  • 出版社相关作品

书目信息

  • 表格格式
  • 工作单格式
  • 卡片格式
题名:
密尔论民主与社会主义
    
 
作者: 穆勒 著 ;胡勇 译
分册:  
出版信息: 长春   吉林出版集团有限责任公司  2015
页数: 352页
开本: 23cm
丛书名: 公共哲学与政治思想系列
单 册:
中图分类: B561.42
科图分类:
主题词:
电子资源:
ISBN: 978-7-80762-898-9
000 01335oam2 2200301 450
001 339554
005 20150608160837.76
010    @a978-7-80762-898-9@dCNY47.00
100    @a20090104d2008 em y0chiy50 ea
101 1  @achi@ceng
102    @aCN@b220000
105    @ay z 000yy
106    @ar
200 1  @a密尔论民主与社会主义@Ami er lun min zhu yu she hui zhu yi@d= Mill on democracy and socialism@f(英) 约翰·密尔(John Stuart Mill) 著@g胡勇译@zeng
205    @a第2版
210    @a长春@c吉林出版集团有限责任公司@d2015
215    @a352页@d23cm
225 2  @a公共哲学与政治思想系列
330    @a本书收录了19世纪著名思想家约翰·密尔的遗著《社会主义》残章, 关于托克维尔《论美国的民主》的评论以及其他一些相关的论文。这些作品反映了密尔对现代西方社会的急剧变迁——经济的市场化、政治的民主化、文化的世俗化——所进行的全方位思考, 还包含了他对整个人类社会发展和政治变迁的恢弘认识。
410  0 @12001 @a公共哲学与政治思想系列
510 1  @aMill on democracy and socialism@zeng
600  0 @a穆勒@c(Mill, John Stuart@f1806-1873)@x民主@x政治思想@x研究
600  0 @a穆勒@c(Mill, John Stuart@f1806-1873)@x社会主义@x政治思想@x研究
690    @aB561.42@v5
701  0 @c(英)@a穆勒@Amu le@c(Mill, John Stuart@f1806 1873)@4著
702  0 @a胡勇@Ahu yong@f(1972)@4译
801  0 @aCN@b卓展宏图@c20150525
905    @dB561.42@e46=2@f4
    
    密尔论民主与社会主义= Mill on democracy and socialism/(英) 约翰·密尔(John Stuart Mill) 著/胡勇译.-第2版.-长春:吉林出版集团有限责任公司,2015
    352页;23cm.-(公共哲学与政治思想系列)
    
    
    ISBN 978-7-80762-898-9:CNY47.00
    本书收录了19世纪著名思想家约翰·密尔的遗著《社会主义》残章, 关于托克维尔《论美国的民主》的评论以及其他一些相关的论文。这些作品反映了密尔对现代西方社会的急剧变迁——经济的市场化、政治的民主化、文化的世俗化——所进行的全方位思考, 还包含了他对整个人类社会发展和政治变迁的恢弘认识。
●
相关链接 在E读中查询图书 在五车中查询图书 在当当中查询图书 在豆瓣中查询图书


正题名:密尔论民主与社会主义     索取号:B561.42/46=2         预约/预借

序号 登录号 条形码 馆藏地/架位号 状态 备注
1 863122   208631220   第一样本阅览室/ [索取号:B561.42/46=2] 在馆    
2 863123   208631239   第一借阅区/ [索取号:B561.42/46=2] 在馆    
3 863124   208631248   第一借阅区/ [索取号:B561.42/46=2] 在馆    
4 863125   208631257   第一借阅区/ [索取号:B561.42/46=2] 在馆    
唐山师范学院图书馆 欢迎您!
大连网信软件有限公司© 版权所有